000 00788nam a2200289Ia 4500
005 20260324113115.0
008 008 260324s9999 xx 000 0 eng d
020 _a9781003280422
037 _aEBOOK
040 _aCRL
040 _beng
040 _cCRL
041 _2eng
041 _aeng
084 _qCRL
100 _aRobel Afeworki Abay; Karen Soldatić
_91145441
245 0 _aIntersectional Colonialities
245 0 _bEmbodied Colonial Violence and Practices of Resistance at the Axis of Disability, Race, Indigeneity, Class, and Gender
260 _bTaylor and Francis
260 _c2024
365 _a
365 _b220
856 _uhttp://www.taylorfrancis.com/books/9781003280422
942 _cEBOOK
999 _c1734922
_d1734922